| 000 | 01271njm a2200277Ic 4500 | ||
|---|---|---|---|
| 022 | _a13406108 | ||
| 040 | _cDLC | ||
| 041 | 0 | _heng | |
| 082 | _a333 AES 2004 C023 Or. | ||
| 100 | _aAesop, Jacob Grimm, Beatrix Potter, Troll Associates | ||
| 245 | 0 | 0 |
_aHuff and Puff ("h" and "p") : _bSing & Learn Phonics, vol. 1 / |
| 300 |
_a1 online resource (1 audio file (1 min., 59 sec)) : _bsound. |
||
| 490 | 1 | _aSing & Learn Phonics, vol. 1 | |
| 500 | _aOriginally released by Jordan Music Productions, 2014. | ||
| 500 | _aTitle from distributor's description | ||
| 520 | _aGreat for beginning readers! Theses songs use the synthetic phonics approach to teach short vowels, high-frequency consonants and blends and teaches the following short vowels and consonants: (s, m, h, p, b, t, d, f, l, and hard c). | ||
| 650 | 0 | _aLanguage arts | |
| 650 | 0 | _aEnglish language | |
| 650 | 0 | _aUsage. | |
| 650 | 0 | _aGrammar, Comparative and general | |
| 710 | 2 | _aInfobase | |
| 710 | 2 | _aJordan Music Productions (Firm) | |
| 856 | 4 | 0 | _uhttps://ezproxy.spl.org/login?url=https://jfk.infobase.com/PortalPlaylists.aspx?wID=79331&xtid=113618 |
| 856 | 4 | 2 | _uhttps://cdnsecakmi.kaltura.com/p/1067292/sp/106729200/thumbnail/entry_id/0_zteut7bi/version/100001/width/88 |
| 942 | _cAEDBB | ||
| 999 |
_c22378 _d22378 |
||